02126nam a2200397 a 4500001001200000003000800012006001900020007001500039008004100054010001700095020003900112020001500151020002700166040002100193035002100214043001200235050002800247082001500275100003800290245012300328260005800451300001100509504005100520505045000571533015201021650006801173650007301241650006201314650005201376650005401428650005701482655002901539710001701568856012601585999001701711ebr10627776CaPaEBRm u cr cn|||||||||120523s2013 cau sb 001 0 eng d z 2012020621 z9780804784085 (cloth : alk. paper) z0804784086 z9780804784658 (e-book) aCaPaEBRcCaPaEBR a(OCoLC)819379690 ae-uk---14aPN5124.R295bM55 2013eb04a302.232231 aMiller, Elizabeth Carolyn,d1974-10aSlow printh[electronic resource] :bliterary radicalism and late Victorian print culture /cElizabeth Carolyn Miller. aStanford, Calif. :bStanford University Press,c2013. a378 p. aIncludes bibliographical references and index.0 aNo news is good news : William Morris's utopian print -- The black and white veil : Shaw, mass print culture, and the antinovel turn -- Living language : print drama, live drama, and the socialist theatrical turn -- Measured revolution : poetry and the late Victorian radical press -- Enlightenment beyond reason : theosophical socialism and radical print culture -- Free love, free print : sex radicalism, censorship, and the biopolitical turn. aElectronic reproduction.bPalo Alto, Calif. :cebrary,d2011.nAvailable via World Wide Web.nAccess may be limited to ebrary affiliated libraries. 0aRadicalism and the presszGreat BritainxHistoryy19th century. 0aJournalismxPolitical aspectszGreat BritainxHistoryy19th century. 0aPress and politicszGreat BritainxHistoryy19th century. 0aPrintingzGreat BritainxHistoryy19th century. 0aMass mediazGreat BritainxHistoryy19th century. 0aEnglish literaturey19th centuryxPolitical aspects. 7aElectronic books.2local2 aebrary, Inc.40uhttp://site.ebrary.com/lib/rucke/Doc?id=10627776zAn electronic book accessible through the World Wide Web; click to view c66941d66941